Separación de mutuo acuerdo (Record no. 135862)

MARC details
000 -LEADER
fixed length control field 00910cam a2200241 4500
005 - DATE AND TIME OF LATEST TRANSACTION
control field 20260126111051.0
008 - FIXED-LENGTH DATA ELEMENTS--GENERAL INFORMATION
fixed length control field 030911s2000 sp 000 0 spa u
020 ## - INTERNATIONAL STANDARD BOOK NUMBER
International Standard Book Number 8476767293
050 04 - LIBRARY OF CONGRESS CALL NUMBER
Classification number KKT559.N63
Item number V55 2000
100 1# - MAIN ENTRY--PERSONAL NAME
Personal name Vilalta, A. Esther
245 10 - TITLE STATEMENT
Title Separación de mutuo acuerdo
Statement of responsibility, etc / A. Esther Vilalta, Rosa M. Méndez
250 ## - EDITION STATEMENT
Edition statement 2a ed.
260 ## - PUBLICATION, DISTRIBUTION, ETC. (IMPRINT)
Place of publication, distribution, etc Barcelona, España :
Name of publisher, distributor, etc Bosch,
Date of publication, distribution, etc 2000
300 ## - PHYSICAL DESCRIPTION
Extent 92 p. ;
Dimensions 22 cm.
Accompanying material + 1 CD-Rom 4 3/4 plg.
440 #0 - SERIES STATEMENT/ADDED ENTRY--TITLE
Title Biblioteca Básica de Práctica Procesal.
Name of part/section of a work Acciones civiles - LEC 2000 ;
Volume number/sequential designation 84 .
490 0# - SERIES STATEMENT
Series statement Biblioteca Básica de Práctica Procesal
-- Acciones civiles - LEC 2000 ;
Volume number/sequential designation 84
500 ## - GENERAL NOTE
General note Recursos de la D.G.B.
504 ## - BIBLIOGRAPHY, ETC. NOTE
Bibliography, etc Bibliografía: p. 91-92
650 #7 - SUBJECT ADDED ENTRY--TOPICAL TERM
Source of heading or term lemb
Topical term or geographic name as entry element Separación conyugal
General subdivision Legislación
Geographic subdivision España
650 #7 - SUBJECT ADDED ENTRY--TOPICAL TERM
Source of heading or term lemb
Topical term or geographic name as entry element Divorcio
General subdivision Legislación
Geographic subdivision España
700 1# - ADDED ENTRY--PERSONAL NAME
Personal name Méndez, Rosa M.
Relator term autor
942 ## - ADDED ENTRY ELEMENTS (KOHA)
Source of classification or shelving scheme Biblioteca del Cogreso de los Estados Unidos
Koha item type Libro
Holdings
Estado de pérdida Fuente de clasificación Estado del daño No para préstamo Ubicación permanente Ubicación actual Apartado o colección Fecha de adquisición Edición Área del conocimiento Total Checkouts Clasificación Código de Barras Date last seen Número de copia Costo por reposición Tipo de recurso
  Biblioteca del Cogreso de los Estados Unidos     Biblioteca de la Facultad de Derecho y Ciencias Sociales "Felipe J. Tena" Biblioteca de la Facultad de Derecho y Ciencias Sociales "Felipe J. Tena" General 21/06/2021 2a ed. Ciencias Sociales y Administrativas   KKT559.N63 V55 2000 BFD000012345 21/06/2021 1 1.00 Libro